000 00674nam a2200217 a 4500
001 000048245
005 20201002061022.0
008 181210s2016 dr r 000 0 spa d
020 _a9789945581638
040 _aDO-SdBNP
_bspa
_cBNPHU
082 _axxxx
_bG633e
100 1 _aGómez Beras, Carlos Roberto,
_d1959-
_96916
245 1 0 _aErrata de fe :
_bpoesía /
_cCarlos Roberto Gómez Beras.
250 _a2a ed.
260 _aSan Juan, Puerto Rico, :
_bIsla negra,
_c2016.
300 _a159 p. ;
_c22 cm.
490 1 _aFilo de fuego
500 _aIncluye datos biográficos del autor en las solapas
590 _aInventariado, 2019/BT
830 0 _aFilo de fuego
_97107
999 _c47733
_d47733